| 000 | 01140nam a2200253 4500 | ||
|---|---|---|---|
| 001 | 113840 | ||
| 003 | DR-UNIBE | ||
| 005 | 20250708155135.0 | ||
| 008 | 250707b2017 dr ||||| |||| 00| 0 spa d | ||
| 040 |
_aBIBLIOTECA UNIBE _bspa _cBIBLIOTECA UNIBE _erda |
||
| 041 | _aspa | ||
| 082 |
_222 _aRD 372.89 C117c |
||
| 100 | 1 | 0 |
_aCabrera, Argentina _9197085 _eeditor _eredactor |
| 245 | 1 | 0 |
_aCiencias sociales 6 : _beducación básica / _cArgentina Cabrera |
| 260 |
_aSanto Domingo: _bEditorial Edisa, _c2017 |
||
| 300 |
_a157 páginas : _bfotos e ilustraciones a color ; _c27 x 21 cm |
||
| 505 | _aPresentación | Unidad i. Expansionismo europeo a nivel del mundo | Unidad 2. Grandes revoluciones burguesas y sus efectos en América y el Caribe | ||
| 650 | 7 |
_2lemb _a Ciencias sociales _xEnseñanza _xEducación primaria _9197180 |
|
| 700 | 1 | 0 |
_aRosa, María del Jesus de la _9197022 _edirector técnico |
| 700 | 1 | 0 |
_aHutchinson, Rafael _953464 _eilustrador _ediseñador de portada |
| 700 | 1 | 0 |
_aMancebo, María Isabel _9197087 _edigitador |
| 700 | 1 | 0 |
_aLópez Genao, Cruz Altagracia _953505 _ediagramador _ediseñador gráfico |
| 942 |
_2ddc _cBK |
||
| 999 |
_c113840 _d113840 |
||